000 00857nab a2200253 u 4500
001 20684
003 HDC
007 cr bn ---aaaaa
008 210306c |r|noo 0 a d
040 _aHDC
100 _aP. Nicavera, Erwin,
_eauthor
_918604
245 0 _aNEGROS OCCIDENTAL TO HOST FIRST HALAL ABATTOIR IN VISAYAS /
_cby Erwin P. Nicavera
260 _a[No place] :
_b[publisher not identified],
_c2016
336 _atext
_2rdacontent
337 _acomputer
_2rdamedia
338 _aonline resource
_2rdacarrier
650 _aLivestock
_92405
650 _aSlaughterhouse
_96608
710 _aSUN STAR
856 _zRequest full-text at [email protected]
942 _2lcc
942 _cNEWS
942 _kNWSO 010059
999 _c18000
_d18000